Financial services : (Record no. 18777)
[ view plain ]
| 000 -LEADER | |
|---|---|
| fixed length control field | 01428cam a2200265 a 4500 |
| 001 - CONTROL NUMBER | |
| control field | 15611501 |
| 005 - DATE AND TIME OF LATEST TRANSACTION | |
| control field | 20141215130955.0 |
| 008 - FIXED-LENGTH DATA ELEMENTS--GENERAL INFORMATION | |
| fixed length control field | 090204s2008 xxkadk fr 001 0 eng d |
| 010 ## - LIBRARY OF CONGRESS CONTROL NUMBER | |
| LC control number | 2009285401 |
| 020 ## - INTERNATIONAL STANDARD BOOK NUMBER | |
| International Standard Book Number | 9781906403287 |
| 020 ## - INTERNATIONAL STANDARD BOOK NUMBER | |
| International Standard Book Number | 1906403287 |
| 040 ## - CATALOGING SOURCE | |
| Original cataloging agency | BTCTA |
| Transcribing agency | BTCTA |
| Modifying agency | YDXCP |
| -- | BAKER |
| -- | BWX |
| -- | OCLCQ |
| -- | DLC |
| -- | EG-ScBUE |
| 082 00 - DEWEY DECIMAL CLASSIFICATION NUMBER | |
| Edition number | 22 |
| Item number | BRI |
| Classification number | 332.10688 |
| 100 1# - MAIN ENTRY--PERSONAL NAME | |
| Personal name | Brighouse, David |
| 9 (RLIN) | 36927 |
| 245 10 - TITLE STATEMENT | |
| Title | Financial services : |
| Remainder of title | the commercial environment / |
| Statement of responsibility, etc | David Brighouse, Janet Hontoir. |
| 260 ## - PUBLICATION, DISTRIBUTION, ETC. (IMPRINT) | |
| Place of publication, distribution, etc | London, United Kingdom : |
| Name of publisher, distributor, etc | Global Professional Publishing, |
| Date of publication, distribution, etc | 2008. |
| 300 ## - PHYSICAL DESCRIPTION | |
| Extent | xiv, 280 p. : |
| Other physical details | charts, forms, tables ; |
| Dimensions | 24 cm. |
| 500 ## - GENERAL NOTE | |
| General note | Index : p. 275-280. |
| 505 0# - FORMATTED CONTENTS NOTE | |
| Formatted contents note | Introduction to the financial services environment-Financial intermediation-Credit creation-The nature and purpose of financial markets-Retail financial services-Capital markets-Other markets-The pricing of financial assets-The background to economic policies-Monetary policy-Fiscal policy-The background to financial regulation-International aspects of financial regulation -Prudential regulation-The changing nature of financial regulation-The impact of legislative and voluntary regulation-Social and demographic issues-The impact of technology. |
| 650 #0 - SUBJECT ADDED ENTRY--TOPICAL TERM | |
| Topical term or geographic name as entry element | Financial services industry |
| 9 (RLIN) | 3475 |
| 653 ## - INDEX TERM--UNCONTROLLED | |
| Resource For college | BAEPS, Business Administration |
| Arrived date list | December2014 |
| 655 ## - INDEX TERM--GENRE/FORM | |
| Form subdivision | |
| -- | 34232 |
| 700 1# - ADDED ENTRY--PERSONAL NAME | |
| Personal name | Hontoir, Janet |
| 9 (RLIN) | 36928 |
| 942 ## - ADDED ENTRY ELEMENTS (KOHA) | |
| Source of classification or shelving scheme | Dewey Decimal Classification |
| Call number prefix | 332.10688 BRI |
| Withdrawn status | Item status | Source of classification or shelving scheme | Damaged status | Not for loan | Vendor | Home library | Current library | Shelving location | Date acquired | Source of acquisition | Cost, normal purchase price | Serial Enumeration / chronology | Total Checkouts | Full call number | Barcode | Date last seen | Cost, replacement price | Koha item type |
|---|---|---|---|---|---|---|---|---|---|---|---|---|---|---|---|---|---|---|
| Dewey Decimal Classification | Baccah | Central Library | Central Library | First floor | 15/12/2014 | 364.00 | 20677 | 332.10688 BRI | 000037174 | 15/07/2025 | 455.00 | Book - Borrowing |